[Event "IND-ch U15"]
[Site "Thrissur"]
[Date "2014.08.04"]
[Round "1"]
[White "Muhammed, Shibily N"]
[Black "Aravindh, Chithambaram VR"]
[Result "0-1"]
[WhiteElo "1665"]
[BlackElo "2467"]
[PlyCount "62"]
[EventDate "2014.08.04"]
[EventType "swiss"]
[EventRounds "11"]
[EventCountry "IND"]
[SourceTitle "CBM 162 Extra"]
[Source "ChessBase"]
[SourceDate "2014.10.17"]
[SourceVersion "1"]
[SourceVersionDate "2014.10.17"]
[SourceQuality "1"]

1. e4 c5 2. Nf3 Nc6 3. d4 cxd4 4. Nxd4 Nf6 5. Nc3 d6 6. Be2 g6 7. Be3 Bg7 8. 0-0 Bd7 9. Qd2 0-0 10. Nb3 Rc8 11. h3 a6 12. Rad1 b5 13. a3 Ne5 14. Nd4 Nc4 15. Bxc4 Rxc4 16. Qd3 Qa8 17. Rfe1 Rfc8 18. f3 Qb7 19. Nb3 Qc7 20. Nd2 Rc6 21. Bd4 Be6 22. Qe3 Qb7 23. Nb3 Bxb3 24. cxb3 e5 25. Ba7 Ra8 26. Qd3 Qxa7+ 27. Kh1 Nh5 28. Qd2 Rac8 29. b4 Nf4 30. Kh2 h5 31. Qc1 Bh6 0-1